000 00335nam a22001457a 4500
008 230414b ||||| |||| 00| 0 eng d
020 _a9781591944737
041 _aeng
080 _2FIFTH EDITION
_a37
082 _a37LAN
100 _a23
101 _aEDUKI
245 _aGROUNDWORK FOR COLLEGE REDING
_cLANGAN.J
942 _2udc
_cBK
999 _c59544
_d59544